Caesar / (Record no. 698)
[ view plain ]
| 000 -LEADER | |
|---|---|
| fixed length control field | 00944cam a2200313 a 4500 |
| 005 - DATE AND TIME OF LATEST TRANSACTION | |
| control field | 20260322212030.0 |
| 008 - FIXED-LENGTH DATA ELEMENTS--GENERAL INFORMATION | |
| fixed length control field | data |
| 010 ## - LIBRARY OF CONGRESS CONTROL NUMBER | |
| LC control number | 95030003 |
| 020 ## - INTERNATIONAL STANDARD BOOK NUMBER | |
| International Standard Book Number | 0465008941 |
| 020 ## - INTERNATIONAL STANDARD BOOK NUMBER | |
| International Standard Book Number | 9780465008940 |
| 040 ## - CATALOGING SOURCE | |
| Original cataloging agency | DLC |
| Transcribing agency | DLC |
| Modifying agency | DLC |
| 041 1# - LANGUAGE CODE | |
| Language code of text/sound track or separate title | eng |
| Language code of original | ger |
| 043 ## - GEOGRAPHIC AREA CODE | |
| Geographic area code | aw----- |
| -- | ff----- |
| -- | aw----- |
| 050 00 - LIBRARY OF CONGRESS CALL NUMBER | |
| Classification number | DG261 |
| Item number | .M3713 1995 |
| 082 00 - DEWEY DECIMAL CLASSIFICATION NUMBER | |
| Classification number | 937/.05/092 |
| Edition information | 21 |
| 001 - CONTROL NUMBER | |
| control field | data |
| 100 1# - MAIN ENTRY--PERSONAL NAME | |
| Personal name | Meier, Christian, |
| Dates associated with a name | 1929- |
| 240 10 - UNIFORM TITLE | |
| Uniform title | Caesar. |
| Language of a work | English |
| 245 10 - TITLE STATEMENT | |
| Title | Caesar / |
| Statement of responsibility, etc. | Christian Meier. |
| 260 ## - PUBLICATION, DISTRIBUTION, ETC. | |
| Place of publication, distribution, etc. | New York : |
| Name of publisher, distributor, etc. | BasicBooks/HarperCollins, |
| Date of publication, distribution, etc. | [1995]. |
| 300 ## - PHYSICAL DESCRIPTION | |
| Extent | 513 p., 16 p. of plates : |
| Other physical details | ill., maps ; |
| Dimensions | 24 cm. |
| 500 ## - GENERAL NOTE | |
| General note | Originally published : United Kingdom : HarperCollins, 1995. |
| 500 ## - GENERAL NOTE | |
| General note | Translation of the 3rd German pbk. ed. |
| 500 ## - GENERAL NOTE | |
| General note | Includes index. |
| 600 10 - SUBJECT ADDED ENTRY--PERSONAL NAME | |
| Personal name | Caesar, Julius. |
| 650 #0 - SUBJECT ADDED ENTRY--TOPICAL TERM | |
| Topical term or geographic name entry element | Statesmen |
| Geographic subdivision | Rome |
| General subdivision | Biography. |
| 650 #0 - SUBJECT ADDED ENTRY--TOPICAL TERM | |
| Topical term or geographic name entry element | Generals |
| Geographic subdivision | Rome |
| General subdivision | Biography. |
| 651 #0 - SUBJECT ADDED ENTRY--GEOGRAPHIC NAME | |
| Geographic name | Rome |
| General subdivision | History |
| Chronological subdivision | Republic, 265-30 B.C. |
| Withdrawn status | Lost status | Damaged status | Not for loan | Home library | Current library | Shelving location | Date acquired | Total checkouts | Full call number | Barcode | Date last seen | Price effective from | Koha item type |
|---|---|---|---|---|---|---|---|---|---|---|---|---|---|
| Pleasant Valley | Pleasant Valley | General stacks | 22/03/2026 | 937/.05/092 21 | BC0010715 | 22/03/2026 | 22/03/2026 | Books |